| 000 | 00355nam a2200133 a 4500 | ||
|---|---|---|---|
| 001 | 4281 | ||
| 003 | CDMR | ||
| 005 | 20130926113407.0 | ||
| 008 | 130130s1942||||||||||||||||||||||||||||d | ||
| 040 |
_aCDMR _bcat _cCPC GIRONA |
||
| 245 | 0 | _aCursillo de conferencias de extensión cultural | |
| 260 |
_c1942 _bAsociación Prensa Diaria _aBarcelona |
||
| 942 |
_cMON _2udc |
||
| 999 |
_c4281 _d4281 |
||